Eredivisie 2024/25 First XI - Statistics

General Stats
  • This quiz has been taken 96 times
  • The average score is 23 of 198
Answer Stats
Club Position Nationality % Correct
PSV Eindhoven FW Luuk de Jong
53%
Ajax Amsterdam GK Remko Pasveer
53%
Feyenoord FW Santiago Giménez
53%
PSV Eindhoven GK Walter Benítez
51%
Ajax Amsterdam FW Mika Godts
49%
Feyenoord FW Igor Paixão
47%
Feyenoord CB Dávid Hancko
46%
PSV Eindhoven AM Malik Tillman
46%
FC Twente GK Lars Unnerstall
45%
PSV Eindhoven CB Olivier Boscagli
45%
Ajax Amsterdam CB Josip Šutalo
43%
PSV Eindhoven DM Jerdy Schouten
41%
PSV Eindhoven DM Joey Veerman
41%
PSV Eindhoven AM Noa Lang
41%
Feyenoord CM Ramiz Zerrouki
41%
FC Twente CM Sem Steijn
41%
Feyenoord GK Timon Wellenreuther
41%
Ajax Amsterdam RB Anton Gaaei
39%
Ajax Amsterdam FW Chuba Akpom
39%
FC Groningen GK Etienne Vaessen
38%
PSV Eindhoven AM Johan Bakayoko
38%
Go Ahead Eagles FW Victor Edvardsen
35%
Feyenoord FW Luka Ivanušec
31%
PSV Eindhoven CB Ryan Flamingo
31%
AZ Alkmaar FW Troy Parrott
31%
Ajax Amsterdam FW Steven Berghuis
30%
PSV Eindhoven RB Richy Ledezma
27%
FC Groningen FW Thom van Bergen
27%
Ajax Amsterdam CB Youri Baas
27%
FC Twente FW Daan Rots
24%
Ajax Amsterdam CM Kristian Nökkvi Hlynsson
24%
FC Groningen LM Luciano Valente
24%
FC Twente CM Michel Vlap
23%
FC Twente FW Sam Lammers
23%
FC Groningen RB Leandro Bacuna
22%
PSV Eindhoven LB Fredrik Oppegard
20%
AZ Alkmaar DM Jordy Clasie
20%
Go Ahead Eagles RB Mats Deijl
20%
FC Utrecht AM Paxten Aaronson
20%
NEC Nijmegen RB Bart van Rooij
19%
AZ Alkmaar AM Ibrahim Sadiq
19%
Go Ahead Eagles CB Joris Kramer
19%
FC Twente CM Mathias Kjølø
19%
Sparta Rotterdam GK Nick Olij
19%
PEC Zwolle DM Dave Van Den Berg
18%
NAC Breda CB Jan Van den Bergh
18%
RKC Waalwijk FW Oskar Zawada
18%
Sparta Rotterdam FW Tobias Lauritsen
18%
AZ Alkmaar LB David Møller Wolfe
16%
AZ Alkmaar DM Peer Koopmeiners
16%
AZ Alkmaar AM Sven Mijnans
16%
FC Utrecht GK Vasilios Barkas
16%
AZ Alkmaar CB Wouter Goes
16%
Feyenoord RM Bart Nieuwkoop
15%
Ajax Amsterdam CM Sivert Mannsverk
15%
Feyenoord CB Lutsharel Geertruida
14%
Feyenoord LM Marcos López
14%
FC Twente FW Sayfallah Ltaief
14%
Feyenoord CM Antoni Milambo
12%
FC Twente LB Bas Kuipers
12%
FC Twente CB Max Bruns
12%
FC Utrecht CB Nick Viergever
12%
AZ Alkmaar RB Seiya Maikuma
12%
Ajax Amsterdam CM Branco van den Boomen
11%
Go Ahead Eagles LB Dean James
11%
Almere City FW Kornelius Hansen
11%
sc Heerenveen GK Mickey van der Hart
11%
FC Utrecht LB Souffian El Karouani
11%
FC Twente RB Youri Regeer
11%
FC Utrecht DM Zidane Iqbal
11%
FC Twente CB Alec Van Hoorenbeeck
9%
NAC Breda GK Daniel Bielica
9%
FC Utrecht FW David Min
9%
AZ Alkmaar GK Jeroen Zoet
9%
FC Groningen CM Johan Hove
9%
FC Groningen RM Jorg Schreuders
9%
FC Utrecht CB Mike van der Hoorn
9%
Almere City CM Stije Resink
9%
sc Heerenveen RB Denzel Hall
8%
NAC Breda FW Elías Már Ómarsson
8%
Go Ahead Eagles AM Jakob Breum
8%
PEC Zwolle GK Jasper Schendelaar
8%
FC Groningen CB Marco Rente
8%
FC Groningen CB Marvin Peersman
8%
Sparta Rotterdam AM Shunsuke Mito
8%
Fortuna Sittard FW Alen Halilović
7%
Sparta Rotterdam AM Arno Verschueren
7%
NEC Nijmegen LB Calvin Verdonk
7%
Ajax Amsterdam LB Dies Janse
7%
NAC Breda LM Dominik Janošek
7%
PEC Zwolle AM Filip Krastev
7%
FC Utrecht AM Jens Toornstra
7%
RKC Waalwijk GK Jeroen Houwen
7%
NEC Nijmegen AM Kodai Sano
7%
Willem II FW Kyan Vaesen
7%
NAC Breda RB Leo Greiml
7%
sc Heerenveen FW Luuk Brouwers
7%
NEC Nijmegen GK Robin Roefs
7%
Almere City RB Sherel Floranus
7%
Almere City FW Thomas Robinet
7%
Willem II AM Cisse Sandra
5%
NEC Nijmegen DM Dirk Proper
5%
NAC Breda CB Enes Mahmutovic
5%
RKC Waalwijk DM Godfried Roemeratoe
5%
Willem II DM Jesse Bosch
5%
NAC Breda LB Manu Royo
5%
Heracles Almelo FW Mario Engels
5%
sc Heerenveen LB Mats Köhlert
5%
Fortuna Sittard GK Mattijs Branderhorst
5%
Sparta Rotterdam DM Metinho
5%
Sparta Rotterdam CB Mike Eerdhuijzen
5%
Fortuna Sittard LB Mitchell Dijks
5%
Go Ahead Eagles AM Bobby Adekanye
4%
Sparta Rotterdam RB Boyd Reith
4%
NEC Nijmegen CB Bram Nuytinck
4%
Go Ahead Eagles DM Calvin Twigt
4%
RKC Waalwijk AM Chris Lokesa
4%
sc Heerenveen FW Daniel Karlsbakk
4%
RKC Waalwijk AM Denilho Cleonise
4%
Go Ahead Eagles DM Evert Linthorst
4%
Heracles Almelo GK Fabian de Keijzer
4%
NEC Nijmegen CB Iván Márquez
4%
Almere City CM Jochem van de Kamp
4%
RKC Waalwijk RB Julian Lelieveld
4%
NAC Breda FW Kacper Kostorz
4%
Fortuna Sittard FW Kristoffer Peterson
4%
Go Ahead Eagles GK Luca Plogmann
4%
Almere City GK Nordin Bakker
4%
Sparta Rotterdam DM Pelle Clement
4%
FC Utrecht RB Siebe Horemans
4%
Willem II GK Thomas Didillon
4%
FC Groningen CM Tika de Jonge
4%
RKC Waalwijk DM Yassin Oukili
4%
FC Utrecht DM Alonzo Engwanda
3%
PEC Zwolle DM Anouar El Azzouzi
3%
PEC Zwolle CB Anselmo García MacNulty
3%
RKC Waalwijk CB Dario Van den Buijs
3%
Sparta Rotterdam LB Djevencio van der Kust
3%
PEC Zwolle RB Eliano Reijnders
3%
FC Groningen LB Finn Stam
3%
Fortuna Sittard RB Ivo Pinto
3%
Heracles Almelo AM Juho Talvitie
3%
NAC Breda CM Max Balard
3%
Willem II CB Mickaël Tirpan
3%
Heracles Almelo RB Mimeirhel Benita
3%
Feyenoord CB Neraysho Kasanwirjo
3%
sc Heerenveen CB Paweł Bochniewicz
3%
RKC Waalwijk AM Richard van der Venne
3%
Fortuna Sittard CB Rodrigo Guth
3%
RKC Waalwijk CB Roshon van Eijma
3%
NAC Breda RM Roy Kuijpers
3%
FC Groningen FW Rui Mendes
3%
Fortuna Sittard CM Ryan Fosso
3%
sc Heerenveen CM Simon Olsson
3%
Sparta Rotterdam CB Teo Quintero
3%
PEC Zwolle LB Thierry Lutonda
3%
Almere City LB Vasilios Zagaritis
3%
RKC Waalwijk LB Aaron Meijers
1%
Almere City CM Alex Balboa
1%
Heracles Almelo DM Brian De Keersmaecker
1%
Heracles Almelo AM Bryan Limbombe
1%
NAC Breda CM Casper Staring
1%
Heracles Almelo CB Damon Mirani
1%
sc Heerenveen CM Espen van Ee
1%
sc Heerenveen LM Ilias Sebaoui
1%
Heracles Almelo CB Ivan Mesík
1%
Heracles Almelo LB Lorenzo Milani
1%
AZ Alkmaar CB Maxim Dekker
1%
NEC Nijmegen DM Mees Hoedemakers
1%
AZ Alkmaar AM Myron van Brederode
1%
FC Utrecht AM Ole Romeny
1%
Willem II CB Raffael Behounek
1%
Almere City CB Ricardo Visus
1%
Willem II AM Ringo Meerveld
1%
NEC Nijmegen AM Roberto González
1%
Willem II DM Rúnar Þór Sigurgeirsson
1%
NEC Nijmegen FW Sami Ouaissa
1%
sc Heerenveen CB Sam Kersten
1%
Go Ahead Eagles AM Søren Tengstedt
1%
Willem II CB Tommy St. Jago
1%
PEC Zwolle CB Tristan Gooijer
1%
Willem II DM Amine Lachkar
0%
Almere City FW Baptiste Guillaume
0%
NEC Nijmegen AM Basar Onal
0%
PEC Zwolle AM Braydon Manu
0%
Heracles Almelo DM Daniël van Kaam
0%
sc Heerenveen RM Danilo Al Saed
0%
Go Ahead Eagles CB Jamal Amofa
0%
Almere City CB Joey Jacobs
0%
Fortuna Sittard CM Josip Mitrović
0%
Fortuna Sittard CM Loreintz Rosier
0%
Fortuna Sittard FW Makan Aiko
0%
Sparta Rotterdam AM Mohamed Nassoh
0%
Willem II DM Nick Doodeman
0%
PEC Zwolle AM Odysseus Velanas
0%
Fortuna Sittard CB Shawn Adewoye
0%
Heracles Almelo AM Shiloh ’t Zand
0%
PEC Zwolle FW Thomas Buitink
0%
No matching quizzes found
Score Distribution
Percent of People with Each Score
Percentile by Number Answered
Your Score History
You have not taken this quiz